| 000 | 00857cam a22003012 4500 | ||
|---|---|---|---|
| 001 | 0000020142 | ||
| 003 | |||
| 005 | 20151217161503.0 | ||
| 008 | 110808s xx 000 0 eng d | ||
| 010 | _a | ||
| 020 |
_a _c$ |
||
| 040 |
_aKABU _cKABU |
||
| 100 | 1 |
_aOkoth-Ogendo, H.W.O., _d _@0000180245 |
|
| 245 | 1 | 0 |
_aTenants of the crown : _bevolution of agrarian law and institutions in Kenya / _c |
| 250 | _a ed. | ||
| 260 |
_aNairobi : _bACTS, _c1991. |
||
| 300 |
_a p. : _b _c cm. |
||
| 440 | 0 | _a | |
| 500 | _aHandout for Law class reserve [p. 89-99] | ||
| 650 | 0 |
_a _x |
|
| 690 | _a | ||
| 908 | _a110808 | ||
| 999 |
_c15325 _d15325 |
||